000 00339 a2200157 4500
001 154495
040 _cEscola São Tomás de Aquino
100 _aMACHADO, Ana Maria
240 1 0 _aUma noite sem igual
_lpor
245 1 0 _aUma noite sem igual
300 _a29
362 0 _a2010
440 1 _aFTD
697 _aRELIGIÃO
942 _cBK
999 _c154495
_d154495